| 000 | 00430nam a2200145Ia 4500 | ||
|---|---|---|---|
| 008 | 160319s9999 xx 000 0 und d | ||
| 245 | _aAssumptions / | ||
| 260 | _aPhilippines : | ||
| 260 | _bPaulines Audiovisual. | ||
| 260 | _c2011 | ||
| 300 | _a1 VCD-video (28:30 min.) : | ||
| 300 | _bdigital, sound, color ; | ||
| 300 | _c4 3/4 in. | ||
| 500 | _a"Film Advisory Board Inc. Award of Excellence AWARDS WINNER"--Container. | ||
| 999 |
_c292501 _d292501 |
||